Civil law European judicial cooperation /

Detalles Bibliográficos
Autor Corporativo: Consejo de las Comunidades Europeas. Secretara̕ General
Formato: eBook
Lenguaje:inglés
Publicado: Luxembourg : European Union Publications Office, 2005
Materias:
Acceso en línea:Acceso restringido

MARC

LEADER 00000nam a22000007a 4500
005 20110923143159.0
007 cr |||||||||||
008 080206s2005 lu |||||s 001 ||eng||
020 |a 9282431193 (versin̤ papel) 
035 |a 2085 
040 |d vLex 
090 |c 2563  |d 2563 
245 0 0 |a Civil law  |h [Recurso electrn̤ico] :  |b European judicial cooperation /  |c Council of the European Union Secretariat General 
256 |a Servicio en ln̕ea. 
260 |a Luxembourg :  |b European Union Publications Office,  |c 2005 
300 |a 1 recurso electrn̤ico 
504 |a Referencias bibliogrf̀icas 
506 1 |a Contenido solo disponible en los productos indicados  |d vLex Global  |d vLex Global (Academic Edition, excluding Law Schools)  |d vLex Global (U.S. Academic Edition, Law Schools)  |d vLex Global (U.S. Academic Edition, excluding Law Schools)  |d vLex Global (Academic Edition, Law Schools) 
530 |a Versin̤ electrn̤ica del mismo tt̕ulo en papel 
650 0 4 |a Cooperacin̤ judicial  |z Unin̤ europea, Paises de la 
650 0 4 |a Derecho civil  |z Unin̤ europea, Paises de la 
650 0 4 |a Sentencias extranjeras  |z Unin̤ europea, Paises de la 
710 2 |a Consejo de las Comunidades Europeas.  |b Secretara̕ General 
740 0 |a European judicial cooperation 
740 0 |a vLex Libros (Servicio en ln̕ea) 
856 4 0 |z Acceso restringido  |u http://vlex.com/source/civil-law-2085 
942 |c BOOK